Joueurs de l'équipe de France de football depuis 2018 - Statistiques

Statistiques générales
  • Ce quiz a été pris 108 fois
  • Le résultat moyen est 41 sur 63
Statistiques - réponses
Poste Joueur % Correct
G Hugo Lloris
98%
A Kylian Mbappé
95%
D Lucas Hernandez
94%
D Theo Hernandez
94%
M N'Golo Kanté
93%
A Ousmane Dembélé
92%
A Olivier Giroud
89%
A Antoine Griezmann
88%
G Mike Maignan
88%
G Steve Mandanda
88%
D Jules Koundé
87%
G Lucas Chevalier
87%
D Lucas Digne
87%
G Alphonse Areola
86%
D Dayot Upamecano
86%
M Paul Pogba
85%
A Désiré Doué
84%
M Khéphren Thuram
84%
D Benjamin Pavard
82%
A Marcus Thuram
82%
D Raphaël Varane
82%
D William Saliba
82%
M Adrien Rabiot
80%
G Brice Samba
80%
D Samuel Umtiti
80%
M Aurélien Tchouaméni
79%
D Ibrahima Konaté
78%
M Corentin Tolisso
73%
M Eduardo Camavinga
72%
A Karim Benzema
72%
A Michael Olise
71%
A Bradley Barcola
69%
A Randal Kolo Muani
67%
A Rayan Cherki
67%
D Ferland Mendy
66%
D Malo Gusto
66%
M Warren Zaïre-Emery
65%
M Blaise Matuidi
61%
D Maxence Lacroix
61%
M Steven Nzonzi
60%
M Manu Koné
59%
A Hugo Ekitiké
56%
A Kingsley Coman
55%
M Youssouf Fofana
55%
M Maghnes Akliouche
53%
D Presnel Kimpembe
53%
M Jordan Veretout
49%
D Clément Lenglet
46%
D Pierre Kalulu
45%
D Jonathan Clauss
44%
A Jean-Philippe Mateta
42%
M Mattéo Guendouzi
41%
D Léo Dubois
39%
A Wissam Ben Yedder
39%
A Christopher Nkunku
33%
D Axel Disasi
31%
D Benoît Badiashile
31%
A Moussa Diaby
29%
A Anthony Martial
28%
M Boubacar Kamara
25%
D Castello Lukeba
22%
D Kurt Zouma
22%
D Jean-Clair Todibo
19%
Aucun quiz correspondant
Distribution des résultats
% des personnes avec chaque résultat
Percentile par nombre de réponses
Votre historique - résultats
Vous n’avez pas pris ce quiz